000 00738nam a2200217Ia 4500
001 17013
003 GE_BSU
008 181216s||||||||xx |||||||||||||| ||und||
040 _cGE_BSU
080 _a82-93:821.161.1-94 + 329.150.1(092ლენინი)(093.3)
100 _aკრჟიჟანოვსკი, გლ.
245 _aპირველი შეხვედრა
245 _cრედ.რ.ინანიშვილი
260 _aთბილისი
260 _bნაკადული
260 _c1965
300 _a31გვ. : ილ. ; 22სმ
653 _aმოგონებები ვ.ი. ლენინზე
653 _aპირველი შეხვედრა
942 _cBK
999 _c50075
_d50075